000
00310nam a22001337a 4500
008
170508b xxu||||| |||| 00| 0 eng d
020
_a
9780521367042
041
_a
eng
080
_a
34
100
_a
14
101
_a
SHJ
245
_a
ECONOMIC ANALYSISI OF PROPERTY RIGHT
_c
BARZEL.U
942
_2
udc
_c
BK
999
_c
13023
_d
13023